| Tag |
First Indicator |
Second Indicator |
Subfields |
| LEADER |
00000cam a2200000 a 4500 |
| 001 |
in00002380903 |
| 005 |
20151109042631.0 |
| 008 |
070423s2007 enk b 001 0 eng |
| 010 |
|
|
|a 2007017068
|
| 020 |
|
|
|a 9781845191559 (h/c : alk. paper)
|
| 020 |
|
|
|a 1845191552 (h/c : alk. paper)
|
| 035 |
|
|
|a (OCoLC)ocn124074737
|
| 040 |
|
|
|a DLC
|c DLC
|d UtOrBLW
|
| 043 |
|
|
|a a------
|a n------
|a s------
|
| 049 |
|
|
|a TXAM
|
| 050 |
0 |
0 |
|a GT523.9
|b .P65 2007
|
| 082 |
0 |
0 |
|a 391.009
|2 22
|
| 245 |
0 |
4 |
|a The politics of dress in Asia and the Americas /
|c edited by Mina Roces and Louise Edwards.
|
| 264 |
|
1 |
|a Brighton, Eng. ;
|a Portland, Or. :
|b Sussex Academic Press,
|c 2007.
|
| 300 |
|
|
|a ix, 276 pages, 12 unnumbered pages of color plates :
|b illustrations ;
|c 24 cm.
|
| 336 |
|
|
|a text
|b txt
|2 rdacontent
|
| 337 |
|
|
|a unmediated
|b n
|2 rdamedia
|
| 338 |
|
|
|a volume
|b nc
|2 rdacarrier
|
| 504 |
|
|
|a Includes bibliographical references and index.
|
| 505 |
0 |
|
|a Trans-national flows and the politics of dress in Asia and the Americas / Louise Edwards and Mina Roces -- Gender, nation and the politics of dress in twentieth-century Philippines / Mina Roces -- Dressing for power : scholars' robes, school uniforms and military attire in China / Louise Edwards -- Refashioning civilization : dress and bodily practice in Thai nation-building / Maurizio Peleggi -- Gender, citizenship and dress in modernizing Japan / Barbara Molony -- Identity, nation and Islam : a dialogue about men's and women's dress in Indonesia / Jean Gelman Taylor -- "Dressed in a little brief authority" : clothing the body politic in Burma / Penny Edwards -- Power dressing on the prairies : the grammar of Blackfoot leadership dress 1750-1930 / Blanca Tovias -- Nationalism and national dress in Spanish America / Rebecca Earle -- Refashioning the Inca : costume, political power and identity in late Bourbon Peru / David Cahill -- Wigs, weapons, tattoos and shoes : getting dressed in colonial Amazonia and Brazil / Barbara A. Sommer -- Fabricating specimen citizens : nation building in nineteenth-century Mexico / Magali M. Carrera -- Urban expressions of solidarity : fashioning citizenship in Argentina / Regina A. Root.
|
| 650 |
|
0 |
|a Clothing and dress
|x Political aspects
|z Asia.
|
| 650 |
|
0 |
|a Clothing and dress
|x Political aspects
|z North America.
|
| 650 |
|
0 |
|a Clothing and dress
|x Political aspects
|z South America.
|
| 700 |
1 |
|
|a Roces, Mina,
|d 1959-
|
| 700 |
1 |
|
|a Edwards, Louise P.
|
| 945 |
|
|
|a PromptCat
|
| 946 |
|
|
|a stk
|
| 947 |
|
|
|a A14836885443
|
| 948 |
|
|
|a cataloged
|b h
|c 2008/4/17
|d c
|e dmitchel
|f 1:00:00 pm
|
| 994 |
|
|
|a 92
|b TXA
|
| 999 |
|
|
|a MARS
|
| 999 |
f |
f |
|s a1e44fc0-c5f1-3651-b6bf-42d202ac7162
|i 6b7b0bcf-0870-3b86-bd6b-6302d69d12ce
|t 0
|
| 952 |
f |
f |
|p normal
|a Texas A&M University
|b College Station
|c Sterling C. Evans Library
|d Evans: Library Stacks
|t 0
|e GT523.9 .P65 2008
|h Library of Congress classification
|i unmediated -- volume
|m A14836885443
|
| 998 |
f |
f |
|a GT523.9 .P65 2008
|t 0
|l Evans: Library Stacks
|